00457nam a2200181 a 4500001001300000003000900013005001700022008004100039020000800080082001500088100002700103245002300130260003900153300000900192500003500201505001200236700002700248nice12345678IN_TiNIC20260116011404.0050524s1914 tura grp 000 0 eng  ac000a220.9bMPK aMission Press, Kashgar aTarikh-E-Muqaddas. aTurkibMission Press Kashgarc1914 a217p aincludes index and biblioraphy2 aTurkish1 aMission Press, Kashgar